| Tag |
First Indicator |
Second Indicator |
Subfields |
| LEADER |
00000cam a2200000 4500 |
| 001 |
in00000422331 |
| 005 |
20151012055247.0 |
| 008 |
731003s1966 ohuafh b 00010 eng |
| 010 |
|
|
|a 66013958
|
| 035 |
|
|
|a (OCoLC)00295199
|
| 035 |
|
|
|9 ABV0012AM
|
| 040 |
|
|
|a DLC
|c DLC
|d m.c.
|d TXA
|d UtOrBLW
|
| 043 |
|
|
|a n-us---
|
| 049 |
|
|
|a TXAM
|c [A08671917]
|
| 050 |
0 |
0 |
|a PS623
|b .M66
|
| 082 |
0 |
|
|a 812.008
|
| 100 |
1 |
|
|a Moody, Richard,
|d 1911-1996.
|
| 245 |
1 |
0 |
|a Dramas from the American theatre, 1762-1909 /
|c edited with introductory essays by Richard Moody.
|
| 264 |
|
1 |
|a Cleveland :
|b World Pub. Co.,
|c [1966]
|
| 300 |
|
|
|a xiii 873 pages, 18 unnumbered pages of plates :
|b illustrations, facsimiles ;
|c 26 cm.
|
| 336 |
|
|
|a text
|b txt
|2 rdacontent
|
| 337 |
|
|
|a unmediated
|b n
|2 rdamedia
|
| 338 |
|
|
|a volume
|b nc
|2 rdacarrier
|
| 490 |
1 |
|
|a New World literature series,
|v v. 1
|
| 504 |
|
|
|a Bibliography: pages 857-873.
|
| 650 |
|
0 |
|a American drama.
|
| 650 |
|
0 |
|a Theater
|z United States.
|
| 830 |
|
0 |
|a New world literature series ;
|v v. 1.
|
| 999 |
|
|
|a MARS
|
| 999 |
f |
f |
|s b2e0aa40-751d-3d91-bb75-b322ed8b0bd2
|i 9f5892e7-3961-3e5e-8306-e318e228d1d0
|t 0
|
| 952 |
f |
f |
|p ric
|a Texas A&M University
|b Rellis Campus
|c Joint Library Facility
|d Remote Storage
|t 0
|e PS623 .M66
|h Library of Congress classification
|i unmediated -- volume
|m A14808671917
|
| 998 |
f |
f |
|a PS623 .M66
|t 0
|l Remote Storage
|